000 00666nam a2200229Ia 4500
003 OSt
005 20220928134912.0
006 a|||||r|||| 00| 0
007 ta
008 220927b |||||||| |||| 00| 0 eng d
024 _a28302
037 _cReference Collections
040 _aSDCL
_cSDCL
_beng
041 _2eng
_aeng
082 _aO6w, L4.1 RR
100 _aHerdeck Donald E
_9489014
245 0 _aAfrican authors
_b A companion to black African writing.
250 _a2
260 _aWashington
_bBlack Orpheus Press
_c1974
942 _hO6w, L4.1 RR
_cREF
_2CC
999 _c804175
_d804175